Buteurs Marseille 2021-2022 - Statistiques

Statistiques générales
  • Ce quiz a été pris 178 fois
  • Le résultat moyen est 10 sur 15
Statistiques - réponses
Buts Nom % Correct
16 Dimitri Payet
99%
20 Arkadiusz Milik
90%
13 Cengiz Under
88%
5 Mattéo Guendouzi
88%
1 Valentin Rongier
82%
11 Gerson
81%
8 Bamba Dieng
69%
2 Duje Caleta-Car
61%
5 Amine Harit
60%
1 Pol Lirola
58%
1 Boubacar Kamara
57%
4 Cédric Bakambu
56%
1 Pape Gueye
53%
1 Konrad De La Fuente
46%
1 Luis Henrique
38%
Aucun quiz correspondant
Distribution des résultats
% des personnes avec chaque résultat
Percentile par nombre de réponses
Votre historique - résultats
Vous n’avez pas pris ce quiz